000 002640000a22000970004500
245 1 0 _aApéndice: algunos apuntes sociológicos
300 _aVol. 11, Num. 2 (Diciembre, 1991), Páginas 50-57
650 1 4 _aIGLESIA-UNIDAD
773 0 _tVida y Pensamiento
942 _cANA
999 _c62717
_d62717